Computer science. An overview (Record no. 33723)

MARC details
000 -LEADER
campo de control de longitud fija 00319nam a2200133Ia 4500
005 - FECHA Y HORA DE LA ÚLTIMA TRANSACCIÓN
campo de control 20251222154320.0
008 - DATOS DE LONGITUD FIJA--INFORMACIÓN GENERAL
campo de control de longitud fija 251222s9999||||xx |||||||||||||| ||spa||
020 ## - NÚMERO INTERNACIONAL ESTÁNDAR DEL LIBRO
Número Internacional Estándar del Libro 0-321-38701-5
082 ## - NÚMERO DE LA CLASIFICACIÓN DECIMAL DEWEY
Número de clasificación 004/B84
100 ## - ENTRADA PRINCIPAL--NOMBRE DE PERSONA
Nombre de persona "Brookshear, J. Glenn"
245 #0 - MENCIÓN DEL TÍTULO
Título Computer science. An overview
250 ## - MENCION DE EDICION
Mención de edición 9a.ed.
942 ## - ELEMENTOS DE ENTRADA SECUNDARIOS (KOHA)
Tipo de ítem Koha Libros
Holdings
Estatus retirado Estado de pérdida Estado de daño No para préstamo Biblioteca de origen Biblioteca actual Ubicación en estantería Fecha de adquisición Total de préstamos Signatura topográfica completa Código de barras Visto por última vez Precio de reemplazo Tipo de ítem Koha
        Biblioteca Tarma Biblioteca Tarma Programa 22/12/2025   004/B84 0005798 22/12/2025 22/12/2025 Libros